NFL Running Backs With The Most Single Season Rushing Yards - Statistics

General Stats
  • This quiz has been taken 106 times
  • The average score is 12 of 20
Answer Stats
Yards Running Back % Correct
2,053 Barry Sanders
90%
1,883 Barry Sanders
90%
2,097 Adrian Peterson
83%
2,105 Eric Dickerson
83%
1,821 Eric Dickerson
83%
2,006 Chris Johnson
75%
1,863 Jim Brown
75%
1,815 LaDainian Tomlinson
75%
2,003 O.J. Simpson
75%
1,817 O.J. Simpson
75%
1,852 Walter Payton
70%
2,066 Jamal Lewis
58%
1,880 Shaun Alexander
58%
2,008 Terrell Davis
52%
1,934 Earl Campbell
42%
1,853 Ricky Williams
40%
1,845 DeMarco Murray
37%
1,883 Ahman Green
33%
1,860 Tiki Barber
29%
1,846 Jamal Anderson
20%
No matching quizzes found
Score Distribution
Percent of People with Each Score
Percentile by Number Answered
Your Score History
You have not taken this quiz